[Event "Cto. Autonómico por Equipos 2007"]
[Site "Aragón"]
[Date "2007.03.24"]
[Round "9.26"]
[White "Gimenez Martinez Alberto"]
[Black "Forcen Esteban Daniel"]
[Result "0-1"]
[WhiteElo "2066"]
[BlackElo "2083"]

1.c4 d6 2.Nc3 g6 3.g3 Bg7 4.Bg2 e5 5.Nf3 Nc6 6.d3 h6 7.O-O f5 8.Rb1 a5 9.a3
Nf6 10.b4 O-O 11.Nd5 Kh7 12.b5 Ne7 13.Nd2 Rb8 14.b6 c6 15.Nc7 Ne8 16.Nxe8 Qxe8
17.Nb3 a4 18.Na5 c5 19.Rb5 Bd7 20.Nxb7 Rxb7 21.Bxb7 Bxb5 22.cxb5 Qxb5 23.Bg2
Rb8 24.e4 Rxb6 25.h4 Qb3 26.Qe2 d5 27.f4 c4 28.dxc4 dxe4 29.g4 exf4 30.Bxf4
fxg4 31.Qxe4 Qxa3 32.c5 Qxc5+ 33.Be3 Qb4 34.Bxb6 Qxb6+ 35.Kh2 Qc7+ 36.Kg1 Qc5+
37.Kh2 Nf5 38.Qxg4 Ne3 39.Qxa4 Nxf1+ 40.Bxf1 Qf2+ 0-1

[Event "Cto. Autonómico por Equipos 2007"]
[Site "Aragón"]
[Date "2007.03.24"]
[Round "9.27"]
[White "Antolin Concha Diego"]
[Black "Labena Bernal Antonio"]
[Result "1-0"]
[WhiteElo "1954"]
[BlackElo "2037"]

1.e4 e5 2.Nf3 Nc6 3.Bb5 a6 4.Ba4 Nf6 5.O-O Be7 6.Bxc6 dxc6 7.d3 Bg4 8.h3 Bh5
9.Nbd2 O-O 10.Nc4 Bd6 11.Bg5 h6 12.Bh4 g5 13.Bg3 Qe7 14.h4 Nh7 15.Ne3 f5 16.
Nxf5 Rxf5 17.exf5 Rf8 18.c3 Kh8 19.Nxe5 Bxd1 20.Ng6+ Kg7 21.Nxe7 Bg4 22.Bxd6
cxd6 23.f3 Bh5 24.g4 Kf6 25.Rfe1 Bf7 26.h5 Re8 27.Ng6 Bd5 28.Kf2 b5 29.b3 Bf7
30.Re2 Kg7 31.Rae1 Nf6 32.Re7 Nd5 33.Ra7 a5 34.c4 1-0

[Event "Cto. Autonómico por Equipos 2007"]
[Site "Aragón"]
[Date "2007.03.24"]
[Round "9.28"]
[White "Ananos Palacios David"]
[Black "Garcia Monterde Francisco Jose"]
[Result "1-0"]
[WhiteElo "2009"]
[BlackElo "1920"]

1.e4 c5 2.Nf3 Nc6 3.d4 cxd4 4.Nxd4 e5 5.Nb5 d6 6.N1c3 a6 7.Na3 f5 8.Bd3 f4 9.
g3 Nf6 10.Nd5 Be7 11.gxf4 exf4 12.Bxf4 O-O 13.Nxe7+ Nxe7 14.Bxd6 Qxd6 15.Bc4+
Ned5 16.Bxd5+ Kh8 17.Qd2 Ng4 18.Nc4 Qc7 19.O-O-O Rxf2 20.Rdf1 Rxf1+ 21.Rxf1
Nf6 22.Qf4 Qd8 23.Ne5 Qe7 24.Ng6+ 1-0

[Event "Cto. Autonómico por Equipos 2007"]
[Site "Aragón"]
[Date "2007.03.24"]
[Round "9.29"]
[White "Malo Guillen Jose Luis"]
[Black "Cebrian Valverde Jose Antonio"]
[Result "0-1"]
[WhiteElo "2198"]
[BlackElo "2205"]

1.e4 e6 2.d3 d5 3.Nd2 Nc6 4.Ngf3 Nf6 5.g3 Bc5 6.Bg2 O-O 7.O-O a5 8.e5 Ng4 9.d4
Bb6 10.c3 f6 11.Bh3 Nh6 12.Re1 g5 13.Nb3 Nf7 14.Qe2 a4 15.Nc5 Bxc5 16.dxc5
fxe5 17.Qe3 h6 18.Bg4 Qf6 19.h4 gxh4 20.Nxh4 e4 21.f4 Ne7 22.Bd2 Kh7 23.c4
Qxb2 24.cxd5 exd5 25.Bc3 Qb5 26.Qd4 Rg8 27.Qf6 Qe8 28.Bh5 Ra6 29.Qd4 Bg4 30.
Bxg4 Rxg4 31.Kh2 a3 32.Rab1 Qc6 33.f5 Ra4 34.Qf2 b6 35.f6 Ng6 36.Qf5 Rg5 37.
Qc8 Rc4 38.Bd2 Rc2 39.Re2 e3 40.Nxg6 Rxg6 41.cxb6 Rxd2 42.Rxd2 exd2 43.Qf8
Qxf6 44.b7 Qf2+ 45.Kh1 Qf3+ 0-1

[Event "Cto. Autonómico por Equipos 2007"]
[Site "Aragón"]
[Date "2007.03.24"]
[Round "9.30"]
[White "Gimeno Oteo Marco Antonio"]
[Black "Alonso Blasco Jose Miguel"]
[Result "1-0"]
[WhiteElo "2156"]
[BlackElo "2107"]

1.e4 c6 2.d4 d5 3.Nc3 dxe4 4.Nxe4 Nf6 5.Nxf6+ gxf6 6.Nf3 Bf5 7.Bd3 Bg6 8.h4
Bh5 9.Be3 Qd5 10.Be2 Rg8 11.g3 e6 12.O-O Nd7 13.Nh2 Bxe2 14.Qxe2 O-O-O 15.c4
Qe4 16.Qf3 Qxf3 17.Nxf3 h5 18.Rfd1 a6 19.Rac1 e5 20.Kg2 Bb4 21.a3 Ba5 22.dxe5
fxe5 23.Ng5 Rdf8 24.Rd6 f6 25.Ne4 Bc7 26.Re6 f5 27.Ng5 f4 28.Bd2 Bd8 29.Ne4
fxg3 30.fxg3 Bxh4 31.Rh1 Bd8 32.Rxh5 Rg4 33.Nd6+ Kc7 34.Rh7 Rfg8 35.Nf5 Kc8
36.Be1 R4g5 37.Ne7+ Bxe7 38.Rexe7 Nc5 39.Rc7+ Kb8 40.Bf2 b6 41.b4 Nd3 42.Rxc6
Nxf2 43.Rxb6+ Kc8 44.Rxa6 Rxg3+ 45.Kxf2 Rg2+ 46.Ke3 R2g3+ 47.Ke4 R3g4+ 48.Kd5
Kb8 49.Re6 Rd8+ 50.Kc5 Rc8+ 51.Kb6 Rgxc4 52.Rb7+ Ka8 53.Ra7+ Kb8 54.b5 Rh8 55.
a4 e4 56.a5 e3 57.Ka6 Rh3 58.Re8+ Rc8 59.Rb7+ 1-0

[Event "Cto. Autonómico por Equipos 2007"]
[Site "Aragón"]
[Date "2007.03.24"]
[Round "9.31"]
[White "Querol Soro Sergio"]
[Black "Gutierrez Minguenza Ruben"]
[Result "0-1"]
[WhiteElo "1979"]
[BlackElo "2080"]

1.Nf3 Nf6 2.b4 d5 3.Bb2 Bf5 4.e3 e6 5.b5 Bd6 6.c4 c6 7.Qa4 O-O 8.Be2 Nbd7 9.
cxd5 cxd5 10.O-O Qe7 11.d4 Nb6 12.Qb3 Rfc8 13.Na3 Ne4 14.Rac1 Bg4 15.Nb1 Ng5
16.Nbd2 Qf6 17.Ba3 Bc7 18.Qd1 Qh6 19.Ne5 Bxe2 20.Qxe2 Bxe5 21.dxe5 Qg6 22.Nf3
Nxf3+ 23.Qxf3 Qd3 24.Bb4 Qxb5 25.Rb1 Qd7 26.Rfd1 Rc4 27.Rd4 Rac8 28.g3 Qa4 29.
a3 Qc2 30.Rbd1 Qg6 31.e4 Rxd4 32.Rxd4 dxe4 33.Rxe4 Nd5 34.Bd6 h6 35.Rg4 Qb1+
36.Kg2 Rc1 37.Be7 Rg1+ 38.Kh3 Qf1+ 39.Kh4 Nxe7 0-1

[Event "Cto. Autonómico por Equipos 2007"]
[Site "Aragón"]
[Date "2007.03.24"]
[Round "9.32"]
[White "Baldellou Vicente Roberto"]
[Black "Tirapo Larcuen Ana"]
[Result "0-1"]
[WhiteElo "2033"]
[BlackElo "1870"]

1.Nf3 Nf6 2.c4 g6 3.Nc3 Bg7 4.e4 d6 5.d4 O-O 6.Be2 c6 7.O-O Qc7 8.Be3 e5 9.d5
Ng4 10.Bd2 f5 11.Ne1 Nf6 12.f3 a5 13.Be3 Na6 14.Nd3 Nb4 15.a3 Nxd3 16.Bxd3 Nh5
17.Rb1 Qe7 18.b4 axb4 19.axb4 Nf4 20.c5 Ra3 21.Qc2 Qg5 22.Bxf4 exf4 23.Rb3 Ra7
24.cxd6 Bd7 25.Bc4 b5 26.Bd3 Rfa8 27.Re1 Bd4+ 28.Kh1 Ra1 29.Rxa1 Rxa1+ 30.Nb1
Qh4 31.Qe2 Ra2 32.Qf1 Rf2 33.Qd1 fxe4 34.Bxe4 Qg5 35.Qg1 Rb2 36.Rxb2 Bxg1 37.
dxc6 Bxc6 38.Bxc6 Qe5 39.d7 Bb6 40.Bd5+ Kg7 0-1

[Event "Cto. Autonómico por Equipos 2007"]
[Site "Aragón"]
[Date "2007.03.24"]
[Round "9.33"]
[White "Gavin Roche Enrique"]
[Black "Jaques Burguete Raul"]
[Result "1-0"]
[WhiteElo "2261"]
[BlackElo "2124"]

1.d4 d5 2.c4 e6 3.Nc3 c6 4.cxd5 exd5 5.Bf4 Nf6 6.e3 Be6 7.Bd3 Bb4 8.Ne2 Nbd7
9.a3 Be7 10.Ng3 O-O 11.Nf5 Bxf5 12.Bxf5 g6 13.Bd3 Nh5 14.Bh6 Re8 15.g4 Nhf6
16.h4 c5 17.Kf1 cxd4 18.exd4 Qb6 19.Be2 Bf8 20.Bf4 Rac8 21.Qd2 Bg7 22.f3 a6
23.h5 Nf8 24.Rd1 Re6 25.h6 Bh8 26.Kg2 Qb3 27.Bd3 N6d7 28.Bb1 Rb6 29.Ba2 Qxb2
30.Nxd5 Ne6 31.Ne7+ Kf8 32.Nxc8 Nxf4+ 33.Kg3 Ne2+ 34.Kf2 Nc3 35.Nxb6 Nxd1+ 36.
Rxd1 Bxd4+ 37.Kg2 Nxb6 38.Qxb2 Bxb2 39.Rb1 Bd4 40.Rb4 Be3 41.Rb3 Bc5 42.a4 a5
43.Rb5 Be3 44.f4 g5 45.fxg5 Nxa4 46.Rxb7 Bxg5 47.Rxf7+ Ke8 48.Rxh7 Nc3 49.Bc4
Nd1 50.Kf3 Ne3 51.Bb3 Nf1 52.Rh8+ Ke7 53.h7 Bf6 54.Rb8 Nd2+ 55.Ke2 Nxb3 56.
Rxb3 a4 57.Rb8 1-0

[Event "Cto. Autonómico por Equipos 2007"]
[Site "Aragón"]
[Date "2007.03.24"]
[Round "9.35"]
[White "Garcia Fernandez Javier"]
[Black "Van Ojik Mark"]
[Result "1-0"]
[WhiteElo "2095"]
[BlackElo "2186"]

1.e4 e5 2.Nf3 Nc6 3.d4 exd4 4.Bc4 Nf6 5.Ng5 d5 6.exd5 Na5 7.Qxd4 Nxc4 8.Qxc4
h6 9.Nf3 Qxd5 10.Qe2+ Be6 11.O-O O-O-O 12.Nc3 Qc4 13.Qxc4 Bxc4 14.Re1 g5 15.b3
Be6 16.Bb2 Rg8 17.Nb5 Nd5 18.c4 Nb4 19.Bf6 Re8 20.Rad1 a6 21.Nbd4 Nxa2 22.Nxe6
fxe6 23.Rxe6 Bc5 24.Rxe8+ Rxe8 25.h4 g4 26.Ne5 g3 27.Nd3 Bxf2+ 28.Nxf2 gxf2+
29.Kf1 Nb4 30.Rd2 b5 31.Bc3 Nc6 32.cxb5 axb5 33.Kxf2 b4 34.Bg7 Re6 35.h5 Ne7
36.Re2 Rxe2+ 37.Kxe2 Nf5 38.Be5 Kd7 39.g4 Ke6 40.Bxc7 Nd4+ 41.Kd1 Nxb3 42.Bf4
Nc5 43.Bxh6 Ne4 44.Be3 Nc3+ 45.Kc2 Nd5 46.Bd2 Ne7 47.Bxb4 1-0

[Event "Cto. Autonómico por Equipos 2007"]
[Site "Aragón"]
[Date "2007.03.24"]
[Round "9.35"]
[White "Velamazan Gomez Angel"]
[Black "Pellicer Coloma Pedro"]
[Result "0-1"]
[WhiteElo "1987"]
[BlackElo "2007"]

1.d4 d5 2.Nf3 e6 3.Bf4 Be7 4.e3 f5 5.c4 Nf6 6.Nc3 c6 7.Be2 O-O 8.O-O Nh5 9.
Bxb8 Rxb8 10.Ne5 Nf6 11.cxd5 exd5 12.Rc1 Bd6 13.f4 Ne4 14.a3 Rf6 15.Qe1 Rh6
16.Nxe4 fxe4 17.Rf2 Bd7 18.Qf1 Qh4 19.g3 Qe7 20.Nxd7 Qxd7 21.Qg2 b6 22.g4 c5
23.g5 Rh4 24.Rc3 cxd4 25.exd4 Bxf4 26.Rxf4 Rxf4 27.Qg3 Rbf8 0-1

[Event "Cto. Autonómico por Equipos 2007"]
[Site "Aragón"]
[Date "2007.03.24"]
[Round "9.36"]
[White "Ainsa Ignacio"]
[Black "Navarro Sancho Rafael"]
[Result "1/2-1/2"]
[WhiteElo "1950"]
[BlackElo "1961"]

1.c4 Nf6 2.Nc3 g6 3.e4 d6 4.g3 Bg7 5.Bg2 Nbd7 6.Nge2 O-O 7.O-O e5 8.d3 Nc5 9.
b4 Ne6 10.Rb1 Rb8 11.Ba3 b6 12.b5 Bb7 13.Nd5 Nd7 14.f4 exf4 15.Ndxf4 Nd4 16.
Bb2 Nxe2+ 17.Qxe2 Bxb2 18.Rxb2 Qg5 19.Nd5 h5 20.Rc2 Rbc8 21.d4 h4 22.Qf2 hxg3
23.Qxg3 Qxg3 24.hxg3 Kg7 25.Bh3 Rfd8 {No se puede transcribir el resto de la partida hasta la jugada71}
1/2-1/2

[Event "Cto. Autonómico por Equipos 2007"]
[Site "Aragón"]
[Date "2007.03.24"]
[Round "9.37"]
[White "Martinez Catalin Francisco Javier"]
[Black "Saldano Horacio"]
[Result "1/2-1/2"]
[WhiteElo "2240"]
[BlackElo "2422"]

1.d4 Nf6 2.Nc3 g6 3.Bg5 Bg7 4.Qd2 h6 5.Bf4 c5 6.dxc5 Na6 7.e4 Nxc5 8.f3 d6 9.
O-O-O Qa5 10.Nge2 h5 11.Kb1 O-O 1/2-1/2

[Event "Cto. Autonómico por Equipos 2007"]
[Site "Aragón"]
[Date "2007.03.24"]
[Round "9.38"]
[White "Martin Catalan Juan Vicente"]
[Black "Solano Lasierra Javier"]
[Result "1-0"]
[WhiteElo "2106"]
[BlackElo "2130"]

1.d4 Nf6 2.Nf3 g6 3.Bf4 Bg7 4.e3 O-O 5.h3 d6 6.Be2 Nfd7 7.O-O e5 8.Bh2 Nc6 9.
c3 f5 10.Nbd2 h6 11.Nc4 Qe8 12.Rc1 Kh7 13.b4 e4 14.Nfd2 Nf6 15.b5 Nd8 16.Na5
Ne6 17.c4 b6 18.Nc6 Bb7 19.Nb4 Nd7 20.Nb3 f4 21.Bg4 f3 22.Nd5 Rc8 23.gxf3 h5
24.Bxe6 Qxe6 25.fxe4 Qxe4 26.f3 Qe6 27.e4 Bh6 28.Rc2 Qxh3 29.Rg2 Rf7 30.Qd3
Bxd5 31.cxd5 Rcf8 32.Rg3 Qh4 33.e5 Rf5 34.Rg2 Re8 35.f4 Ref8 36.Nd2 Qe7 37.Nf3
Qg7 38.Nh4 Qe7 39.Nxg6 Qe8 40.Nh4 Qf7 41.e6 Qf6 42.Nxf5 Qxf5 43.Qxf5+ Rxf5 1-0

[Event "Cto. Autonómico por Equipos 2007"]
[Site "Aragón"]
[Date "2007.03.24"]
[Round "9.39"]
[White "Pellicer Cemeli Jose Luis"]
[Black "Gil David"]
[Result "1-0"]
[WhiteElo "2043"]
[BlackElo "1954"]

1.d4 Nf6 2.c4 c5 3.d5 b5 4.cxb5 a6 5.b6 g6 6.Nc3 Bg7 7.e4 d6 8.Bd3 O-O 9.Nge2
Nbd7 10.O-O Nxb6 11.Bd2 Bb7 12.Qc1 Qd7 13.a4 Rab8 14.a5 Na8 15.Na4 Qd8 16.Qc4
Nd7 17.f4 Nc7 18.Bc3 Nb5 19.Bxg7 Kxg7 20.Nac3 Ba8 21.Qa4 Nc7 22.Qc2 Rb4 23.Na2
Rb8 24.Rfc1 Nb5 25.Nac3 Nc7 26.Ra4 Nf6 27.Ng3 e6 28.dxe6 fxe6 29.e5 Ng4 30.
Nce4 Rxf4 31.exd6 Nd5 32.Nxc5 Qxd6 33.Rxf4 Nxf4 34.Qc3+ e5 35.Be4 Rd8 36.Rf1
Rc8 37.b4 Bxe4 38.Rxf4 Qd1+ 39.Rf1 Qd5 40.Ngxe4 h5 41.h3 Nh6 42.Qe3 Rb8 43.Qf2
Rxb4 44.Qf6+ Kh7 45.Ng5+ 1-0

[Event "Cto. Autonómico por Equipos 2007"]
[Site "Aragón"]
[Date "2007.03.24"]
[Round "9.40"]
[White "Abancens Bernardo"]
[Black "Felez Casedas Carlos"]
[Result "0-1"]
[WhiteElo "1510"]
[BlackElo "2010"]

1.d4 d5 2.Nf3 Nf6 3.Bf4 e6 4.e3 c6 5.Bd3 Be7 6.c3 b6 7.Ne5 Bb7 8.Nd2 Nbd7 9.
Qf3 Nxe5 10.dxe5 Nd7 11.Qg3 Kf8 12.h4 Nc5 13.Be2 a5 14.b3 Ba6 15.Bxa6 Rxa6 16.
Ke2 Ra7 17.Rad1 Qc8 18.Bg5 Qa6+ 19.c4 Bxg5 20.Qxg5 Rd7 21.f3 h6 22.Qg4 Kg8 23.
Rh3 Kh7 24.h5 b5 25.Rg3 Rg8 26.Qd4 Nb7 27.Ne4 Rdd8 28.Nc5 Nxc5 29.Qxc5 bxc4
30.bxc4 dxc4 31.Rd6 Rb8 32.Rxc6 Rb2+ 33.Kd1 Qb7 34.Qa3 Rb1+ 35.Kc2 Qxc6 36.
Kxb1 Rb8+ 37.Kc2 Qb6 38.Qc1 Qb4 39.Kd1 Rd8+ 40.Ke2 c3 41.Qc2+ Kh8 42.Rg4 Qb2
0-1

[Event "Cto. Autonómico por Equipos 2007"]
[Site "Aragón"]
[Date "2007.03.24"]
[Round "9.41"]
[White "Laliena Solares Luis"]
[Black "Cebollada Pacheco Jesus Raul"]
[Result "1-0"]
[WhiteElo "2175"]
[BlackElo "2010"]

1.c4 Nf6 2.g3 e6 3.Bg2 d5 4.d4 c6 5.Nf3 dxc4 6.Ne5 Bb4+ 7.Nc3 Nd5 8.Bd2 Bxc3
9.bxc3 b5 10.e4 Nf6 11.Ng4 Nxg4 12.Qxg4 O-O 13.e5 f5 14.Qh5 Bb7 15.f4 Nd7 16.
g4 Qb6 17.gxf5 Rxf5 18.Qh3 c5 19.d5 Nxe5 20.O-O Ng6 21.dxe6 Ne7 22.a4 b4 23.a5
Qc7 24.cxb4 cxb4 25.Bxb4 Bxg2 26.Qxg2 Rb8 27.Bc3 Ng6 28.Qe4 Rxf4 29.Rxf4 Nxf4
30.Rf1 Rf8 31.e7 Qc5+ 32.Kh1 Re8 33.Rxf4 Qxe7 34.Qxe7 Rxe7 35.Rxc4 Kf7 36.a6
g6 37.Rb4 Rd7 38.Rb7 Ke6 39.Bb4 Rd4 40.Bc5 Rc4 41.Bf2 Ra4 42.Rxa7 Kd6 43.Ra8
Kc6 44.a7 1-0

[Event "Cto. Autonómico por Equipos 2007"]
[Site "Aragón"]
[Date "2007.03.24"]
[Round "9.42"]
[White "Quintin Navarro Alberto"]
[Black "Latorre Abad Fernando"]
[Result "1-0"]
[WhiteElo "1907"]
[BlackElo "2065"]

1.e4 c5 2.Nf3 Nc6 3.d4 cxd4 4.Nxd4 e5 5.Nb5 a6 6.Nd6+ Bxd6 7.Qxd6 Qf6 8.Qd1
Qg6 9.Nc3 d5 10.Nxd5 Qxe4+ 11.Ne3 Nge7 12.Bd3 Qd4 13.O-O Be6 14.Qh5 e4 15.Be2
Qe5 16.Qxe5 Nxe5 17.Bd2 O-O 18.Bc3 N7c6 19.Rad1 Rfd8 20.a3 f5 21.f4 exf3 22.
Bxf3 Nxf3+ 23.Rxf3 Rxd1+ 24.Nxd1 Rd8 25.Nf2 Nd4 26.Bxd4 Rxd4 27.Rd3 Rxd3 28.
Nxd3 Kf7 29.Kf2 Bd5 30.g3 g5 31.c4 Be4 32.Ke3 Ke7 33.b4 Kd6 34.Kd4 Bg2 35.Ne5
Ke6 36.Nd3 Kd6 37.a4 Bc6 38.b5 axb5 39.axb5 Bg2 40.c5+ Ke6 41.c6 bxc6 42.b6
c5+ 43.Nxc5+ Kd6 44.b7 Kc7 45.Ke5 f4 46.gxf4 gxf4 47.Kxf4 Bd5 48.Kg5 Bf7 49.
Kh6 Bg6 50.h4 Bf5 51.h5 Bc2 52.Kg7 Bf5 53.h6 Kb8 54.Kf6 Bc2 55.Nd7+ Kxb7 56.
Nf8 Kc7 57.Kg7 Kd6 58.Nxh7 Ke7 59.Nf8 Bf5 60.Ng6+ Bxg6 61.Kxg6 Kf8 62.h7 1-0

[Event "Cto. Autonómico por Equipos 2007"]
[Site "Aragón"]
[Date "2007.03.24"]
[Round "9.43"]
[White "Cobo Israel"]
[Black "Arregui Unotria Carlos"]
[Result "0-1"]
[WhiteElo "1965"]
[BlackElo "1827"]

1.e4 c5 2.Nf3 d6 3.d4 cxd4 4.Nxd4 Nf6 5.Nc3 a6 6.f4 e5 7.Nf3 Nbd7 8.a4 Be7 9.
Bd3 O-O 10.O-O Nc5 11.Kh1 exf4 12.Bxf4 Re8 13.Qe2 Bg4 14.Rad1 Qb6 15.b3 Rac8
16.Qf2 Qb4 17.Bd2 Qb6 18.Bc4 Bd8 19.Be3 Bh5 20.Qg3 Nfxe4 21.Nxe4 Nxe4 22.Qh3
Qxe3 23.Qxh5 Rxc4 24.bxc4 Nf2+ 25.Rxf2 Qxf2 26.Qf5 Re6 27.Qd3 Rg6 28.Rg1 Bb6
29.Qe4 h6 30.Qe8+ Kh7 31.Qxf7 Qxc2 32.Nh4 Bxg1 33.Qxg6+ Qxg6 34.Nxg6 Kxg6 35.
Kxg1 Kf5 36.Kf2 Ke4 0-1

[Event "Cto. Autonómico por Equipos 2007"]
[Site "Aragón"]
[Date "2007.03.24"]
[Round "9.44"]
[White "Ananos Palacios Diego"]
[Black "Sanz Lopez R"]
[Result "0-1"]
[WhiteElo "1627"]
[BlackElo "1944"]

1.e4 c5 2.Nf3 Nc6 3.d4 cxd4 4.Nxd4 g6 5.Nc3 Bg7 6.Be3 Nf6 7.f3 O-O 8.Bc4 Qb6
9.Bb3 Nxe4 10.Nxe4 Bxd4 11.Bxd4 Qxd4 12.c3 Qe3+ 13.Qe2 Qxe2+ 14.Kxe2 d6 15.
Rhe1 Na5 16.Bc2 d5 17.Ng5 h6 18.Nh3 Bxh3 19.gxh3 Rac8 20.Rad1 Rfd8 21.Kf2 e6
22.Bb1 Nc4 23.Re2 b5 24.Bd3 a6 25.Bxc4 Rxc4 26.Rd4 Rdc8 27.h4 h5 28.f4 b4 29.
b3 Rxd4 30.cxd4 Rc3 31.Re3 Rxe3 32.Kxe3 Kg7 33.h3 Kf6 34.Kf2 Kf5 35.Kf3 f6 36.
Ke3 e5 37.fxe5 fxe5 38.dxe5 Kxe5 39.Kd3 d4 40.Kd2 Ke4 41.Ke2 d3+ 42.Kd1 Ke3
0-1

[Event "Cto. Autonómico por Equipos 2007"]
[Site "Aragón"]
[Date "2007.03.24"]
[Round "9.45"]
[White "Luis Vitalla Fernando"]
[Black "Hinojar Basa Alfonso"]
[Result "1/2-1/2"]
[WhiteElo "2203"]
[BlackElo "2207"]

1.g3 Nf6 2.Bg2 d5 3.Nf3 Bf5 4.c4 e6 5.b3 Be7 6.O-O O-O 7.d3 h6 8.Bb2 c5 9.Ne5
Nc6 10.Nxc6 bxc6 11.Nd2 Bh7 12.Qc2 Qc7 13.e4 d4 14.h3 a5 15.f4 Nd7 16.a4 Nb8
17.Nf3 Na6 18.Qe2 Rab8 19.Nd2 Rb7 20.Rf2 Rfb8 21.Raf1 Nb4 22.Rc1 e5 23.Kh1
exf4 24.gxf4 Bh4 25.Rff1 Be7 26.Ba3 1/2-1/2

[Event "Cto. Autonómico por Equipos 2007"]
[Site "Aragón"]
[Date "2007.03.24"]
[Round "9.46"]
[White "Portero Garnica Miguel Angel"]
[Black "Salamero Pelay Fernando"]
[Result "1-0"]
[WhiteElo "2175"]
[BlackElo "2178"]

1.e4 Nf6 2.e5 Nd5 3.c4 Nb6 4.c5 Nd5 5.Bc4 c6 6.Nf3 Qa5 7.Bxd5 cxd5 8.Qc2 e6 9.
O-O Qxc5 10.Nc3 d4 11.Nxd4 Qxd4 12.Nb5 Qc5 13.Nc7+ Kd8 14.Qxc5 Bxc5 15.Nxa8 b5
16.d3 h6 17.Bd2 Bb7 18.Ba5+ Ke7 19.Rac1 Rc8 20.Nc7 Bd4 21.Bb4+ Kd8 22.Nxb5
Rxc1 23.Rxc1 Bxb2 24.Re1 Nc6 25.Bd6 f6 26.f4 a6 27.Rb1 axb5 28.Rxb2 Ba6 29.Kf2
Ke8 30.Ke3 Kf7 31.a3 Kg6 32.g4 Kf7 33.Rf2 Bb7 34.d4 Na5 35.Kd3 Bc6 36.Rc2 Nb7
37.Bb4 Kg6 38.h3 Kf7 39.Rf2 Kg6 40.Bf8 Kf7 41.Bc5 Kg6 42.Kc3 Kf7 43.Kb4 Ke8
44.Bb6 Ke7 45.Bc7 Kf7 46.f5 Ke7 47.Bb6 Kf7 48.Bc5 exf5 49.gxf5 Ke8 50.h4 h5
51.Rf1 Kf7 52.Rg1 Nd8 53.Ka5 Nb7+ 54.Kb6 Nd8 55.Kc7 1-0

[Event "Cto. Autonómico por Equipos 2007"]
[Site "Aragón"]
[Date "2007.03.24"]
[Round "9.47"]
[White "Gella Lopez Angel"]
[Black "Jario Garcia Ricardo Javier"]
[Result "0-1"]
[WhiteElo "2106"]
[BlackElo "2161"]

1.d4 e6 2.c4 Nf6 3.g3 b6 4.Bg2 d5 5.Nf3 Ba6 6.Ne5 Bb4+ 7.Nc3 O-O 8.O-O Bxc3 9.
bxc3 Ne4 10.Qc2 Bb7 11.cxd5 exd5 12.Ba3 Re8 13.Rad1 Nd7 14.c4 Ndf6 15.f3 Nd6
16.c5 Nb5 17.Bb2 c6 18.a4 Nc7 19.cxb6 axb6 20.e4 Ne6 21.Rfe1 Qd6 22.Qb3 c5 23.
Qa3 b5 24.a5 b4 25.Qa1 c4 26.Nxc4 dxc4 27.e5 Qd5 28.exf6 c3 29.Bc1 Rxa5 30.Qb1
Ra2 31.Qd3 Rc8 32.Re5 Qd6 33.Rh5 g6 34.Re5 b3 35.Rde1 Raa8 36.d5 Nf8 37.Bf4
Qxf6 38.Bg5 Qb6+ 39.Be3 Qc7 40.d6 Qc4 41.Qxc4 Rxc4 42.Re7 Bc6 43.Bf1 Rca4 44.
Bh6 Ra1 45.Rxa1 Rxa1 46.Kf2 Rd1 47.Bc4 Ne6 48.Bxe6 fxe6 49.Rg7+ Kf8 50.Rc7+
Ke8 51.Rxc6 b2 52.Rb6 b1=Q 53.Rxb1 Rxb1 0-1

[Event "Cto. Autonómico por Equipos 2007"]
[Site "Aragón"]
[Date "2007.03.24"]
[Round "9.48"]
[White "Ruiperez Ramon"]
[Black "Laplaza Ara Carlos"]
[Result "1/2-1/2"]
[WhiteElo "1625"]
[BlackElo "2043"]

1.e4 c6 2.d4 d5 3.e5 Bf5 4.g4 Bd7 5.h4 e6 6.f4 c5 7.c3 Nc6 8.Nf3 Qb6 9.Qb3
Qxb3 10.axb3 cxd4 11.Nxd4 Nxd4 12.cxd4 h5 13.g5 Ne7 14.Be3 Nf5 15.Kf2 Bb4 16.
Nc3 a6 17.Bd3 g6 18.Bxf5 gxf5 19.Rag1 Rc8 20.Bd2 Rg8 21.Rc1 Ke7 22.Nxd5+ exd5
23.Bxb4+ Ke6 24.Rhg1 1/2-1/2

[Event "Cto. Autonómico por Equipos 2007"]
[Site "Aragón"]
[Date "2007.03.24"]
[Round "9.49"]
[White "Horton Justin"]
[Black "Bayod Rubia Angel"]
[Result "1-0"]
[WhiteElo "2140"]
[BlackElo "2080"]

1.Nf3 Nf6 2.c4 g6 3.d4 c5 4.g3 cxd4 5.Nxd4 Bg7 6.Bg2 a6 7.Nc3 Qc7 8.b3 Nc6 9.
Nc2 b6 10.Bb2 e6 11.Ne4 Nxe4 12.Bxg7 Rg8 13.Bb2 f5 14.Ne3 Bb7 15.O-O O-O-O 16.
Rc1 d6 17.Nd5 exd5 18.cxd5 Kb8 19.dxc6 Bxc6 20.Qd4 Qb7 21.Rc2 Rd7 22.Rfc1 Bd5
23.Ba3 Re8 24.Rd1 Bc6 25.f3 Nc5 26.Rdc1 Bd5 27.b4 Ne6 28.Qd2 b5 29.Bb2 Nc7 30.
Bd4 Bc4 31.e3 d5 32.a4 Ne6 33.axb5 axb5 34.Ra1 Nxd4 35.Qxd4 Re6 36.Rc3 Ra6 37.
Rca3 Rxa3 38.Rxa3 Qc7 39.Ra6 Rd8 40.Rb6+ Kc8 41.Qf6 Qd7 42.Rc6+ Kb7 43.Rb6+
Kc7 44.Ra6 Rb8 45.Qe5+ Kc8 46.Rd6 Qc7 47.Qe6+ Kb7 48.Rd7 Rc8 49.e4 Rd8 50.
Rxc7+ Kxc7 51.Qe7+ Rd7 52.Qc5+ Kd8 53.Kf2 Rc7 54.Qd6+ Rd7 55.Qb6+ Kc8 56.Bf1
1-0

[Event "Cto. Autonómico por Equipos 2007"]
[Site "Aragón"]
[Date "2007.03.24"]
[Round "9.51"]
[White "Abos Rosico Antonio"]
[Black "Bailo Remacha Santiago"]
[Result "1-0"]
[WhiteElo "1957"]
[BlackElo "2039"]

1.e4 c5 2.Nf3 d6 3.d4 cxd4 4.Qxd4 Nf6 5.Bg5 a6 6.Nc3 Nc6 7.Qd2 e6 8.O-O-O b5
9.Nd4 Bb7 10.f3 b4 11.Nce2 Qa5 12.Kb1 Ne5 13.Nb3 Qb6 14.Be3 Qb5 15.Ng3 Qa4 16.
h3 Rc8 17.Bd3 Be7 18.Qe2 O-O 19.f4 Nxd3 20.cxd3 e5 21.Nf5 Rfe8 22.fxe5 Nxe4
23.Qg4 g6 24.Nh6+ Kg7 25.dxe4 dxe5 26.Rhf1 f6 27.Nf5+ Kf7 28.Nxe7 Rxe7 29.Nc5
1-0

[Event "Cto. Autonómico por Equipos 2007"]
[Site "Aragón"]
[Date "2007.03.24"]
[Round "9.50"]
[White "Lopez Guaita Fernando"]
[Black "Gonzalez Gambau Jorge"]
[Result "1/2-1/2"]
[WhiteElo "2066"]
[BlackElo "2020"]

1.e4 d6 2.d4 Nf6 3.Nc3 e5 4.dxe5 dxe5 5.Qxd8+ Kxd8 6.Bg5 Be6 7.O-O-O+ Nd7 8.f4
exf4 9.Nf3 Kc8 10.Bxf4 a6 11.h3 Bc5 12.Nd4 Re8 13.Nxe6 fxe6 14.Rd3 e5 15.Bh2
Bd4 16.Rf3 Bxc3 17.Rxc3 Nxe4 18.Rf3 Nd6 19.Be2 b6 20.Re3 Kb7 21.Re1 e4 22.g4
Nf6 23.c4 h6 24.Bf1 Rad8 25.b3 Nf7 26.Bg2 Ne5 27.Bxe5 Rxe5 28.Kc2 Rde8 29.Kc3
c5 30.Rf1 Kc7 31.Rf4 Rd8 32.Rf1 Rd4 33.Rf4 Kd6 34.Rf1 Ke7 35.Rf4 b5 36.Bf1 Rd1
37.Bg2 bxc4 38.bxc4 a5 39.Rf2 Rc1+ 40.Rc2 Rxc2+ 41.Kxc2 g5 42.Kd2 Kd6 43.Ra3
e3+ 44.Ke2 Ne4 45.Kxe3 Nc3+ 46.Kd3 Nd1 47.Rxa5 Nb2+ 48.Kc3 Re3+ 49.Kxb2 Re2+
50.Kb3 Rxg2 51.Ra6+ Ke5 52.Rxh6 Rg3+ 53.Ka4 Kd4 54.Kb5 Ra3 55.Rd6+ Ke4 56.Kxc5
Rxa2 57.Rd5 Kf4 58.Rf5+ Kg3 59.Kc6 Ra6+ 60.Kd7 Rg6 61.Rd5 Kxh3 62.Rd4 Rg7+ 63.
Kc6 Rf7 64.c5 Rf4 65.Kd5 Kxg4 66.c6 (66.Rxf4+ gxf4 67.c6 f3 68.c7 f2 69.c8=Q+
Kg3 70.Qf5 Kg2 71.Ke4 Kg1 72.Qc5 Kh1 73.Qh5+ Kg2 74.Qg4+ Kh1 75.Qf3+ Kg1)
66...Kg3 67.Rd3+ Kh2 68.c7 Rf8 69.Ke4 Rc8 70.Rd2+ Kh3 71.Rc2 g4 72.Rc3+ g3 73.
Kd5 1/2-1/2

[Event "Cto. Autonómico por Equipos 2007"]
[Site "Aragón"]
[Date "2007.03.24"]
[Round "9.52"]
[White "Dominguez Castillo Alejandro"]
[Black "Perez Puyal Jose J"]
[Result "0-1"]
[WhiteElo "1794"]
[BlackElo "1886"]

1.d4 d5 2.c4 e6 3.Nc3 Nf6 4.Nf3 c6 5.Bg5 Be7 6.e3 Nbd7 7.Bd3 dxc4 8.Bxc4 Nd5
9.Bxe7 Qxe7 10.O-O O-O 11.Qd2 Nxc3 12.bxc3 e5 13.dxe5 Nxe5 14.Nxe5 Qxe5 15.
Rab1 b6 16.Be2 Be6 17.Rfd1 Qf6 18.Qc2 Rfd8 19.Bf3 Bf5 20.e4 Bg6 21.Rd4 c5 22.
Rxd8+ Rxd8 23.Rd1 h6 24.Rd2 Rxd2 25.Qxd2 Kh7 26.h3 Qe5 27.Qd3 f5 28.Qd5 Qxc3
29.exf5 Qc1+ 30.Bd1 Be8 31.Kh2 Qf4+ 32.Kg1 Qd4 33.Qf3 Bf7 34.a3 Bd5 35.Qh5 Qf6
36.Bc2 b5 37.Qd1 Bf7 38.Qd7 a6 39.Qc7 c4 40.Qc5 c3 41.Qb4 Bc4 42.Qc5 Bf7 43.
Qb4 g6 44.fxg6+ Bxg6 45.Bxg6+ Kxg6 46.Qe4+ Kg7 47.Qg4+ Kf8 48.Qc8+ Ke7 49.Qc7+
Ke6 50.Qc8+ Kd5 51.Qb7+ Kc4 52.Qe4+ Qd4 53.Qe6+ Qd5 54.Qg4+ Qd4 55.Qe6+ Kd3
56.Qb3 Kd2 57.Qa2+ c2 0-1

[Event "Cto. Autonómico por Equipos 2007"]
[Site "Aragón"]
[Date "2007.03.24"]
[Round "9.53"]
[White "Galvez Perez Jose Luis"]
[Black "Veras Sanz Marino"]
[Result "1-0"]
[WhiteElo "2125"]
[BlackElo "2069"]

1.c4 d6 2.g3 g6 3.Bg2 Bg7 4.Nc3 Nd7 5.e4 e5 6.Nge2 Ne7 7.O-O O-O 8.d3 a5 9.Be3
f5 10.Qd2 Nf6 11.Nd5 Nfxd5 $6 (11...Nexd5) 12.cxd5 c5 (12...c6 $5) 13.Bg5 Qe8
14.a4 $5 Bd7 15.Nc3 Ra6 $2 16.Nb5 $1 Qd8 17.Ra3 $5 Bf6 $6 18.Bxf6 Rxf6 19.f4
$1 Bxb5 20.axb5 Ra7 21.Qc3 Qc7 22.Re1 (22.b6 $1) 22...fxe4 23.Rxe4 Nxd5 24.Qc4
Qf7 25.fxe5 (25.Rxe5 Nb6) 25...dxe5 26.Rxe5 Nc7 27.Qxc5 (27.Re7 $1 Qxc4 28.
dxc4) 27...b6 28.Qe3 Re6 29.Rc3 Rxe5 30.Qxe5 Kf8 31.d4 Ne8 32.Rf3 1-0

[Event "Cto. Autonómico por Equipos 2007"]
[Site "Aragón"]
[Date "2007.03.24"]
[Round "9.54"]
[White "Hernandez Delgado Gabriel"]
[Black "Lucea Valero Alejandro"]
[Result "1-0"]
[WhiteElo "2049"]
[BlackElo "1970"]

1.Nf3 d5 2.b3 c5 3.e3 Nc6 4.Bb2 Bg4 5.Bb5 a6 6.Bxc6+ bxc6 7.O-O Nf6 8.d3 e6 9.
Nbd2 Bd6 10.Qe1 O-O 11.e4 Nd7 12.e5 Bc7 13.Qe3 Bb6 14.Qf4 Bxf3 15.Nxf3 a5 16.
a4 Bc7 17.Qe3 Qb8 18.Qe2 Rd8 19.Rfe1 Nb6 20.Nd2 Qa7 21.Qg4 Rab8 22.h4 c4 23.
dxc4 dxc4 24.Nxc4 Nxc4 25.Qxc4 Rb4 26.Qxc6 Bb6 27.Qf3 Rxh4 (27...Rd2 28.Re2)
28.Rad1 Rxd1 29.Rxd1 h6 30.g3 Rh3 $2 (30...Bxf2+ 31.Kg2 $1 (31.Qxf2 $4 Rh1+))
31.Kg2 Bxf2 32.Kxh3 Bc5 33.Rd8+ Kh7 34.Qd3+ 1-0